• 首页
  • 本馆介绍
  • 公告通知
  • 最新文献
  • 馆藏检索
  • 电子资源
  • 读者导购
  • 参考咨询
  • 我的图书馆
  • 登录
  • 详细信息显示
  • 放入我的书架
  • 预约/预借图书
  • 作者相关作品
  • 分类相关作品
  • 丛书相关作品
  • 出版社相关作品

书目信息

  • 表格格式
  • 工作单格式
  • 卡片格式
题名:
车联网技术与应用
    
 
作者: ;银石立方科技(北京)有限公司 编
分册:  
出版信息: 北京   人民交通出版社  2017.4
页数: 206页
开本: 26cm
丛书名:
单 册:
中图分类: U469-39
科图分类:
主题词: 互联网络--应用--汽车--职业教育--教材
电子资源:
ISBN: 978-7-114-13722-8
000 01038nam0 2200241 450
001 0400002660
005 20171021131131.0
010    @a978-7-114-13722-8@dCNY36.00
100    @a20170802e2017 em y0chiy50 ea
101 0  @achi
102    @aCN@b110000
105    @aa z 000yy
106    @ar
200 1  @a车联网技术与应用@9che lian wang ji shu yu ying yong@f银石立方科技(北京)有限公司编
210    @a北京@c人民交通出版社@d2017.4
215    @a206页@c图@d26cm
300    @a职业院校新能源汽车创新教材
330    @a本书从车联网的概念讲起,由浅入深、循序渐进地详细介绍了车联网的发展与技术,探讨了车联网的关键技术问题,此外还扼要阐述了车联网的应用。全书共分八章,第一章介绍车联网的概念,第二章至第四章分析车联网的组成与工作原理,第五章分析车联网的实现,第六章至第八章介绍车联网的实际应用。
606 0  @a互联网络@x应用@x汽车@x职业教育@j教材
690    @aU469-39@v5
711 02 @a银石立方科技(北京)有限公司@9yin shi li fang ke ji(bei jing)you xian gong si@4编
801  0 @aCN@b91MARC@c20171021
905    @b1021848-52@dU469-39@f5@e454
    
    车联网技术与应用/银石立方科技(北京)有限公司编.-北京:人民交通出版社,2017.4
    206页:图;26cm
    职业院校新能源汽车创新教材
    
    ISBN 978-7-114-13722-8:CNY36.00
    本书从车联网的概念讲起,由浅入深、循序渐进地详细介绍了车联网的发展与技术,探讨了车联网的关键技术问题,此外还扼要阐述了车联网的应用。全书共分八章,第一章介绍车联网的概念,第二章至第四章分析车联网的组成与工作原理,第五章分析车联网的实现,第六章至第八章介绍车联网的实际应用。
●
相关链接 在E读中查询图书 在五车中查询图书 在当当中查询图书 在豆瓣中查询图书


正题名:车联网技术与应用     索取号:U469-39/454         预约/预借

序号 登录号 条形码 馆藏地/架位号 状态 备注
1 1021848   210218487   第二样本阅览室/ [索取号:U469-39/454] 在馆    
2 1021849   210218496   密集书库-物理学院/ [索取号:U469-39/454] 在馆    
3 1021850   210218502   第三借阅区/ [索取号:U469-39/454] 在馆    
4 1021851   210218511   第三借阅区/ [索取号:U469-39/454] 在馆    
5 1021852   210218520   第三借阅区/ [索取号:U469-39/454] 在馆    
唐山师范学院图书馆 欢迎您!
大连网信软件有限公司© 版权所有